| 000 | 01023cam a2200229 4500 | ||
|---|---|---|---|
| 001 | L136686 | ||
| 008 | 070215n2006 000 0 eng u | ||
| 035 | _a(Sirsi) u136686 | ||
| 041 | 0 | _aeng | |
| 110 | 2 |
_aCB Richard Ellis _93675 |
|
| 245 | 0 | 0 |
_aCBRE UK prime rent and yield monitor _bFourth Quarter 2006 |
| 260 | _c2006 | ||
| 300 |
_aLondon _bCBRE _c2006 |
||
| 490 | 0 |
_aCB Richard Ellis UK Prime Rent and Yield Monitor _vthird quarter 2006 |
|
| 520 | _aReports an upswing in office rents, rising 1.7% over Q4 and 4.8% in 2006, a moderation in investor levels across the retail and industrial sectors, High Street shops rising 1.2% in Q4 giving an annual rate of 3.2%,and rental growth in the industrial sector easing to 0.4% in Q4. | ||
| 590 | _aKA | ||
| 650 | 2 | 4 | _aCB RICHARD ELLIS UK PRIME RENT AND YIELD INDEX |
| 651 | 4 |
_aUnited Kingdom _y |
|
| 690 | _aPROPERTY-COMMERCIAL PROPERTY-COMMERCIAL PROPERTY MARKET | ||
| 856 | 4 | 0 |
_uhttps://www.cbre.com/ _zView the item free of charge at www.cbre.com... |
| 942 | _n0 | ||
| 999 |
_c106474 _d106474 |
||